00506nam a2200193 a 4500001001300000003000900013005001700022008004100039020001000080082002100090100002800111245001900139260004200158300001000200500003500210505001000245650002900255700002800284nice12345678IN_TiNIC20260116012459.0050524s1948 kura grp 000 0 tel  ac10000a297.1225827bABD aAbdul, Ghafoor Mohammad aQuran Shareef. aKurnoolbIslamia Arabic Collegec1948 a926p. aincludes index and biblioraphy2 aindex aQuran-Translation-Telugu1 aAbdul, Ghafoor Mohammad